000
00237nam a22000857a 4500
008
161124b xxu||||| |||| 00| 0 eng d
100
_9
1398
_a
young Learners
245
_a
The Ugly Duckling
260
_a
New Delhi
_b
young Learners publicaton
_c
2011
999
_c
4114
_d
4114